Validación de los resultados de impedancia y corriente de cortocircuito utilizando el programa de simulación "CAPE"
Guardado en:
| Hovedforfatter: | |
|---|---|
| Andre forfattere: | |
| Format: | Bog |
| Sprog: | Spanish |
| Udgivet: |
[San José], Costa Rica
2013
|
| Fag: | |
| Tags: |
Tilføj Tag
Ingen Tags, Vær først til at tagge denne postø!
|
MARC
| LEADER | 00000nam a22000007a 4500 | ||
|---|---|---|---|
| 003 | 011796 | ||
| 005 | 20230825104608.0 | ||
| 008 | 150421b2013 c a|||| |||| 00| ||spa d | ||
| 040 | |c cru CEDI | ||
| 090 | |a TFG 6965 | ||
| 100 | |9 1215 |a Zavala Jiménez, Dennis Alonso, 1991- | ||
| 245 | |a Validación de los resultados de impedancia y corriente de cortocircuito utilizando el programa de simulación "CAPE" | ||
| 260 | |a [San José], Costa Rica |c 2013 | ||
| 300 | |a xiv, 64 páginas : ilustraciones | ||
| 500 | |a Proyecto de graduación (bachillerato en ingeniería eléctrica)-- Universidad de Costa Rica. Facultad de Ingeniería. Escuela de Ingeniería Eléctrica | ||
| 501 | |a Profesor Guía de IE-0499 Proyecto Eléctrico: Dr. Jorge Blanco Roldán | ||
| 650 | |x CORTOCIRCUITOS |x CIRCUITOS ELECTRICOS |x REDES ELECTRICAS |x ENERGIA ELECTRICA |9 778 | ||
| 700 | |9 736 |a Blanco Roldán, Jorge, 1950- |d Director de Proyecto Eléctrico | ||
| 942 | |c CEDI | ||
| 999 | |c 13844 |d 13844 | ||
